Dylan Thomas: amparado por la gracia

Uloženo v:
Podrobná bibliografie
Hlavní autor: Tremlett, George (Autor)
Médium: Kniha
Jazyk:španělština
Vydáno: Barcelona Circe 1996
Vydání:1a. ed
Témata:
Tagy: Přidat tag
Žádné tagy, Buďte první, kdo vytvoří štítek k tomuto záznamu!

MARC

LEADER 00000nam a2200000 a 4500
001 UCN1743
003 CL-VaPUC
008 010504e19960000SP |||||||||||||||||spa|d
020 |a 8477651167 
082 0 4 |a 821  |b TRE  |2 21 
100 0 |a Tremlett, George  |e author  |9 457044 
245 1 0 |a Dylan Thomas: amparado por la gracia 
250 |a 1a. ed 
300 |a 355 p 
942 |c BK 
945 |d 20010504 00:00:00  |a vberengu 
260 |a Barcelona  |b Circe  |c 1996 
600 0 7 |a THOMAS, DYLAN MARLAIS 1914-1953  |2 CL-VaPUC  |9 457045 
650 0 |a Biografías  |9 255210 
583 |a last modification  |c 20160907 03:47:33  |k Rodrigo Vera 
999 |c 294974  |d 294972 
952 |0 0  |1 0  |4 0  |6 821_000000000000000_TRE_1996  |7 0  |8 A  |9 347752  |a BIBART  |b BIBART  |d 2019-11-20  |i 3704955  |o 821 TRE 1996  |p 3704955  |r 2025-03-13  |w 2019-11-20  |y BK  |k ART 
952 |0 0  |1 0  |4 0  |6 821_000000000000000_TRE_1996  |7 0  |8 A  |9 347753  |a BIBEDU  |b BIBEDU  |d 2019-11-20  |i 4149017  |o 821 TRE 1996  |p 4149017  |r 2019-11-20  |w 2019-11-20  |y BK  |k LIT